MDQL
is popping MORE tags! Check the
thread
!
Quizzes
Events
Quiz Creation
Community
Videos
Private Events
Remove Ads
Sign In
Join for FREE
Feedback
Dark Mode
Quiz Categories
Sports
Geography
Music
Movies
Television
Just For Fun
Miscellaneous
History
Literature
Language
Science
Gaming
Entertainment
Religion
Holiday
For Kids
Quiz Lab
Recent
Popular Today
Quiz Kudos Today
Editor Picks
Curator Picks
Quizzes by...
Day
Popularity
Type
Ratings
Length
Year
Community
Subscriptions
Recent Discussions
Orange Saloon
Badges
Playlists
Quests
Create
Leaderboards
Showdown
Live 5
Trivia Bingo
Activity
Puzzle Library
Sporcle Events
Private Events
Virtual Trivia
Globe League
Become a Host
Pub Owners
SporcleCon
Opinionation
Our Games
Videos
Blog
Mobile Apps
Partnerships
Remove Ads and Go Orange
Feedback
Geography
Country
Landmarks
City
State
Population
World
Capital
Continent
Flags
Europe
Africa
Asia
South America
North America
Oceania
Border
Canada
United Kingdom
Topography
United States
Geography
Country
Landmarks
City
State
Population
World
Capital
Continent
Flags
Europe
Africa
Asia
South America
North America
Oceania
Border
Canada
United Kingdom
Topography
United States
Random Quiz
Search Sporcle
×
Quiz Lab
Quiz Lab
Geography
Country
Type in answers that appear in a list
Type in answers that appear in a list
Classic
Best Score? Go Orange.
'Country Quiz': NATO Stats
Can you name the facts about NATO?
By
psugeog11
15m
63 Questions
85 Plays
85 Plays
85 Plays
Comments
Comments
Give Quiz Kudos
Give Quiz Kudos
-
- Ratings
hide this ad
More Info
Replay
Link that replays current quiz
Next Quiz
Link to next quiz in quiz playlist
You Got
0%
They Got
Avg Score
59%
Avg Friend Score
Upgrade to see
Score Distribution
Jump to the score distribution portion of the page
Score
0/63
Timer
15:00
0
Plays Today
Hint
Answer
% Correct
Flag Color
Blue
91.8%
Flag Color
White
87.1%
Bordering Country
Russia
83.5%
'Constitution'
North Atlantic Treaty
82.4%
Continent
Europe
82.4%
Continent
North America
82.4%
Second Largest City
New York
81.2%
Bordering Country
Mexico
81.2%
Continent
Asia
81.2%
Third Largest City
London
80%
Official Name
North Atlantic Treaty Organization
78.8%
Working Language #1
English
76.5%
Working Langauge #2
French
76.5%
Year of Formation
1949
76.5%
Continent
South America
75.3%
Bordering Ocean
Atlantic
75.3%
Bordering Ocean
Pacific
75.3%
Continent
Africa
74.4%
Bordering Country
Sweden
71.8%
Bordering Country
Finland
71.8%
Bordering Country
Ukraine
70.6%
'Capital City'
Brussels
69.4%
Bordering Ocean
Arctic
69.4%
Largest 'State'
Canada
68.2%
Bordering Country
Monaco
65.9%
Bordering Country
Switzerland
65.9%
Bordering Country
Serbia
65.9%
Bordering Country
Armenia
65.9%
Bordering Country
Syria
65.9%
Bordering Country
Andorra
64.7%
Bordering Country
San Marino
64.7%
Bordering Country
Belarus
64.7%
Hint
Answer
% Correct
Bordering Country
Ireland
63.5%
Bordering Country
Vatican City
63.5%
Bordering Country
Georgia
63.5%
Bordering Country
Iran
62.4%
Bordering Ocean
Indian
61.9%
Bordering Country
Macedonia
61.2%
Bordering Country
Moldova
61.2%
Bordering Country
Iraq
61.2%
Longest River
Mississippi
61.2%
Bordering Country
Austria
60%
Bordering Country
Bosnia and Herzegovina
60%
Bordering Country
Montenegro
60%
Bordering Country
Kosovo
60%
(Former) Eastern Bloc Opposite
Warsaw Pact
60%
Bordering Country
Brazil
57.6%
Bordering Country
Azerbaijan
55.8%
Bordering Country
Suriname
52.9%
# of 'States'
28
51.8%
Highest Point (+6194 meters)
Mount McKinley
47.1%
Largest City
Istanbul
47.1%
Bordering Country
Morocco
41.2%
Largest Lake
Superior
39.5%
Lowest Point (-
86 meters)
Death Valley
35.3%
Fourth Largest City
Ankara
32.9%
Secretary General
Anders Fogh Rasmussen
27.1%
Name of Military Headquarters
Supreme Headquarters Allied Powers Europe
18.8%
Location of Military HQ
Mons
16.5%
Chairmain of the Military Committee
Knud Bartels
11.8%
Former Location of Military HQ
Rocquencourt
11.8%
First Secretary General
Hastings Lionel Ismay
11.8%
'Foreign Policy' for Eastern Europe
Partnership for Peace
10.6%
Quiz Playlist
Details
Report
Send in Message
Add To Playlist
More Info:
If NATO were a country, what would some of its characteristics be?
Classic:
Type in answers that appear in a list
Quiz Source
Last Updated: May 11, 2017
Quiz Scoreboard
CHALLENGE
Sign Up to Join the Scoreboard
Show All
Scores
Hide
Comments
May contain spoilers
Recently Published
Holiday 10x10 Sorting Gallery
by lukepisani3
Holiday
15m
Two Season TV Shows II
by 123Four
Television
10m
Image Sorting: Flags VI
by Barbecue
Geography
2m
More to Explore
Quiz From the Vault
Featured Blog Post
14 Easter Pick-up Lines to Find Eggs With
hide this ad
You Might Also Like...
Tags
Country Quiz
nato
NATO Member
Today's Top Quizzes in Geography
Browse Geography
hide this ad
Today's Top Quizzes in Country
Browse Country
Top Contributed Quizzes in Geography
1
Colored Red Europe Blitz I
2
Countries of the World - No Outlines Minefield
3
Colored Red Africa Blitz II
4
Colored Red Europe Blitz II
5
Colored Red Europe Blitz III
6
Colored Red Africa Blitz III
7
Colored Red States Blitz I
8
A Different View: World Oceans
9
Colored Red States Blitz II
10
Colored Red States Blitz III
Explore More
Trending Topics
NBA
Marvel
Anime
Kpop
Disney
Harry Potter
Crossword
WWE
Song
The Office
Puzzle
NFL
Country
Pokémon
Soccer
hide this ad
More By:
psugeog11
Quiz
Plays
Rating
Category
Featured
Created
'Country Quiz': NATO
85
2.25
Geography
Feb 27, 2012
Go to Creator's Profile
Score Distribution
Quiz Creator Spotlight
psugeog11
Follow
Send a Message
Quizzes Created
-
Created Quiz Play Count
-
More By This Creator
Popular Quizzes Today
1
Find the US States - No Outlines Minefield
2
Colored Red Africa Blitz
3
Find the 'City' Movie
4
The Countries of the World
5
Find the US States
6
5x2 Blitz: Bands
7
Find the Countries of Europe - No Outlines Minefield
8
US States
More Geography Quizzes
4 to 1 Blitz: France
Quiz Lab
Trending Quizzes
Colored Red Europe Blitz I
Colored Red Europe Blitz II
Colored Red Africa Blitz II
Colored Red Europe Blitz III
Colored Red Africa Blitz III
Recently Updated
Odd Team Out - Big 4 Players
pecheneg
Quick Pick: 20 Twenties
pecheneg
March Madness Men's Triple Doubles
pecheneg
How Do You Spell That?
pecheneg
Godzilla Movies
pecheneg
Grab Bag: 4-10 Letters
pecheneg
2024 March Madness Bracket
pecheneg
Famous TV Couples
Peacemaker
Champions League XIs: Real Madrid
pecheneg
Largest US Cities 1790-2010
pecheneg
Trending Topics
NBA
Kpop
Disney
Marvel
Crossword
Harry Potter
Anime
Pokémon
The Office
NFL
Country
Song
WWE
Puzzle
Soccer
Your Account Isn't Verified!
In order to create a playlist on Sporcle, you need to verify the email address you used during registration. Go to your
Sporcle Settings
to finish the process.
Report this User
Report this user for behavior that violates our
Community Guidelines
.
Details:
Send Report
Go to the Sporcle.com Mobile Site →
Comments